000 00537nam a2200217Ia 4500
003 OSt
005 20220928151101.0
006 a|||||r|||| 00| 0
007 ta
008 220927b |||||||| |||| 00| 0 eng d
024 _a112369
037 _cTextual
040 _aSDCL
_cSDCL
_beng
041 _2eng
_aeng
082 _aW691y7M70w, L4
100 _aPrilejaiva Mariya
_9516442
245 0 _aLenin katha
260 _c1974
942 _hW691y7M70w, L4
_cTEXL
_2CC
999 _c848963
_d848963